PANDAS FOR EVERYONE:PYTHON DATA ANALYSIS (Record no. 18319)

MARC details
000 -LEADER
fixed length control field 00365nam a22001577a 4500
003 - CONTROL NUMBER IDENTIFIER
control field SGT
020 ## - INTERNATIONAL STANDARD BOOK NUMBER
International Standard Book Number 9789352869169
082 ## - DEWEY DECIMAL CLASSIFICATION NUMBER
Classification number 621.39,CHE
100 ## - MAIN ENTRY--PERSONAL NAME
Personal name CHEN,DANIEL.Y.
245 ## - TITLE STATEMENT
Title PANDAS FOR EVERYONE:PYTHON DATA ANALYSIS
250 ## - EDITION STATEMENT
Edition statement 3RD
260 ## - PUBLICATION, DISTRIBUTION, ETC. (IMPRINT)
Place of publication, distribution, etc CHENNAI
Name of publisher, distributor, etc PEARSON
Year of Publication 2019
300 ## - PAGE DESCRIPTION
No. of Pages 376
650 ## - SUBJECT ADDED ENTRY--TOPICAL TERM
Topical term or geographic name as entry element COMPUTER ENGINEERING
942 ## - ADDED ENTRY ELEMENTS (KOHA)
Source of classification or shelving scheme Dewey Decimal Classification
Koha item type Books
942 ## - ADDED ENTRY ELEMENTS (KOHA)
-- 17
Holdings
Withdrawn status Lost status Source of classification or shelving scheme Damaged status Use restrictions Not for loan Collection code Home library Current library Shelving location Date acquired Vendor Name Cost, normal purchase price SGTU Bill Number Full call number Accession No. (Barcode) Date last seen Bill Date Koha item type Total Checkouts Total Renewals Date last borrowed
    Dewey Decimal Classification   Restricted Access Not For Loan ENGINEERING SGT Engineering Library SGT Engineering Library Reference Book 18/06/2019 KIRTI PRAKASHAN 579.00 SGTU IN3435 621.39,CHE FE7380 18/06/2019 29/03/2019 Books      
    Dewey Decimal Classification       ENGINEERING SGT Engineering Library SGT Engineering Library Text Book 18/06/2019 KIRTI PRAKASHAN 579.00 SGTU IN3435 621.39,CHE FE7381 09/06/2025 29/03/2019 Books 26 10 09/06/2025